[Event "AUT-chT (Women) 1617"]
[Site "Austria"]
[Date "2017.04.21"]
[Round "6.4"]
[White "Kimpel, Janine"]
[Black "Stangl, Helga"]
[Result "1/2-1/2"]
[WhiteElo "1956"]
[BlackElo "1603"]
[PlyCount "60"]
[EventDate "2017.01.14"]
[EventType "team-tourn"]
[EventRounds "11"]
[EventCountry "AUT"]
[SourceTitle "EXT 2018"]
[Source "ChessBase"]
[SourceDate "2017.10.13"]
[SourceVersion "1"]
[SourceVersionDate "2017.10.13"]
[SourceQuality "1"]
[WhiteTeam "Schach ohne Grenzen (W)"]
[BlackTeam "St Veit/Glan (W)"]
[WhiteTeamCountry "AUT"]
[BlackTeamCountry "AUT"]

1. e4 c5 2. Nc3 d6 3. g3 g6 4. Bg2 Bg7 5. d3 Nc6 6. f4 e6 7. Nf3 Nge7 8. Be3 Rb8 9. 0-0 Bd7 10. Qd2 0-0 11. Rab1 Nd4 12. Nh4 b5 13. Ne2 Nec6 14. c3 Nxe2+ 15. Qxe2 b4 16. c4 Nd4 17. Bxd4 Bxd4+ 18. Kh1 a5 19. b3 Qc7 20. Nf3 Bg7 21. Rbd1 Qa7 22. Qf2 e5 23. Nh4 a4 24. f5 axb3 25. axb3 g5 26. Nf3 f6 27. Ra1 Qb7 28. Ra5 Ra8 29. Rfa1 Rxa5 30. Rxa5 Ra8 1/2-1/2

[Event "AUT-chT (Women)"]
[Site "Austria"]
[Date "2013.04.20"]
[Round "6.2"]
[White "Stangl, Helga"]
[Black "Stallinger, Vanessa"]
[Result "1-0"]
[WhiteElo "1600"]
[BlackElo "1530"]
[PlyCount "69"]
[EventDate "2013.03.21"]
[EventType "team-tourn"]
[EventRounds "9"]
[EventCountry "AUT"]
[SourceTitle "EXT 2015"]
[Source "ChessBase"]
[SourceDate "2014.11.20"]
[SourceVersion "1"]
[SourceVersionDate "2014.11.20"]
[SourceQuality "1"]
[WhiteTeam "St Veit/Glan (W)"]
[BlackTeam "Feldbach Kirchberg (W)"]
[WhiteTeamCountry "AUT"]
[BlackTeamCountry "AUT"]

1. Nf3 d5 2. b3 Bf5 3. Bb2 e6 4. e3 Nf6 5. Be2 Nbd7 6. d3 Bd6 7. Nbd2 c6 8. 0-0 0-0 9. Rc1 Bg4 10. h3 Bh5 11. c4 Bb8 12. cxd5 exd5 13. e4 dxe4 14. dxe4 Qc7 15. Qc2 Re8 16. Bd3 h6 17. Rfe1 a6 18. Bd4 Qf4 19. Be3 Qd6 20. g3 Bxf3 21. Nxf3 Qe6 22. Kg2 Ne5 23. Nxe5 Bxe5 24. f4 Bc7 25. Bd4 Rad8 26. Bxf6 Qxf6 27. e5 Qe6 28. Bc4 Qe7 29. Rcd1 Ba5 30. Rxd8 Rxd8 31. Rd1 Rxd1 32. Qxd1 Qd8 33. Qxd8+ Bxd8 34. e6 f5 35. e7+ 1-0